000 00843nam a22002177a 4500
999 _c7868
_d7868
003 AR-CdUCM
008 190321b ||||| |||| 00| 0 spa d
040 _aMUNICIPALIDAD PROVINCIAL DEL CUSCO
_cBIBLIOTECA MUNICIPAL DEL CUSCO
082 _a631.3 /
_bG66
100 _aGonzales Gallegos, Domingo
_922254
245 _aTrilla y limpieza de granos en la región Cusco /
260 _aCusco :
_bEditorial Graficolors,
_c2013.
300 _a145 páginas ;
_bcuadros, ilustraciones,
_c20 cm.
505 _aContenido: Trilla y limpieza de granos en el Perú -- Trilla y limpieza de granos en la región Cusco -- Metodología -- Discusión.
650 _aMáquinas agrícolas
_922255
650 _aMecanización agrícola
_922256
650 _aProducción agrícola
_914763
650 _aCusco-Perú
_913542
942 _2ddc
_cLIBROS
945 _aachl